Deadliest Conflicts of 2024 - Statistics

General Stats
  • This quiz has been taken 121 times
  • The average score is 11 of 16
Answer Stats
Fatalities Conflict % Correct
77,633 Russo-Ukrainian War
99%
30,386 Arab-Israeli Conflict
94%
16,575 Sudanese Civil War
85%
6,887 Syrian Civil War
80%
20,667 Insurgency in the Maghreb
79%
4,471 Congolese Conflicts
78%
1,826 Yemeni Civil War
74%
8,260 Mexican Drug War
73%
19,715 Myanmar Civil War
72%
6,206 Somali Civil War
72%
3,208 Afghan Conflicts
66%
10,179 Ethiopian Civil Conflict
60%
3,374 Civil Conflicts in Nigeria
56%
2,273 Colombian Conflict
52%
5,601 Gang War in Haiti
51%
2,228 Anglophone Crisis
35%
No matching quizzes found
Score Distribution
Percent of People with Each Score
Percentile by Number Answered
Your Score History
You have not taken this quiz